| 000 -LEADER |
| fixed length control field |
00648nam a2200193 a 4500 |
| 020 ## - INTERNATIONAL STANDARD BOOK NUMBER |
| ISBN |
0890542139 |
| 040 ## - CATALOGING SOURCE |
| Transcribing agency |
LU |
| 082 00 - DEWEY DECIMAL CLASSIFICATION NUMBER |
| Classification number |
579 APS 1996 C148 Or. |
| 245 00 - TITLE STATEMENT |
| Title |
Endophytic fungi in grasses and woody plants : |
| Remainder of title |
systematics, ecology, and evolution / |
| 260 ## - PUBLICATION, DISTRIBUTION, ETC. (IMPRINT) |
| Place of publication |
St. Paul, Minn. : |
| Name of publisher |
APS Press, |
| Year of publication |
c1996. |
| 300 ## - PHYSICAL DESCRIPTION |
| Number of Pages |
223 p. : |
| Other physical details |
ill. ; |
| Dimensions |
23 cm. |
| 500 ## - GENERAL NOTE |
| General note |
Includes five papers presented at the 1991 American Phytopathological Society annual meeting, plus six additional papers. |
| 650 #0 - SUBJECT ADDED ENTRY--TOPICAL TERM |
| Topical Term |
Endophytic fungi. |
| 650 #0 - SUBJECT ADDED ENTRY--TOPICAL TERM |
| Topical Term |
Grasses |
| 650 #0 - SUBJECT ADDED ENTRY--TOPICAL TERM |
| Topical Term |
Woody plants |
| 700 1# - ADDED ENTRY--PERSONAL NAME |
| Personal name |
Redlin, Scott C. |
| 700 1# - ADDED ENTRY--PERSONAL NAME |
| Personal name |
Carris, Lori M. |
| 942 ## - ADDED ENTRY ELEMENTS (KOHA) |
| Koha item type |
ADB |
| 952 ## - LOCATION AND ITEM INFORMATION (KOHA) |
| Withdrawn status [LOCAL, KOHA] |
0 |